header

Ninja Vs Ninja (Record no. 261335)

MARC details
000 -LEADER
fixed length control field 00230nam a22001097a 4500
020 ## - INTERNATIONAL STANDARD BOOK NUMBER
ISBN 978054582552
100 ## - MAIN ENTRY--AUTHOR NAME
Personal name Kate Howard
245 ## - TITLE STATEMENT
Title Ninja Vs Ninja
260 ## - PUBLICATION, DISTRIBUTION, ETC. (IMPRINT)
Place of publication New York
Name of publisher Scholastic
Year of publication 2015
300 ## - PHYSICAL DESCRIPTION
Number of Pages 32 pgs
942 ## - ADDED ENTRY ELEMENTS (KOHA)
Koha item type Long Loan Books
Holdings
Withdrawn status Lost status Collection code Home library Current library Shelving location Date acquired Accession Number Koha item type
    Fiction Rongo University Library Rongo University Library Children's Area 02/11/2023 CL20222060 Long Loan Books

© 2026 Rongo University
Contact us: librarian | system librarian | Rongo university